[Event "Gligoric Cup 5th"]
[Site "Novi Sad"]
[Date "2018.11.07"]
[Round "5.2"]
[White "Ivas, Jovo"]
[Black "Savic, Miodrag R"]
[Result "0-1"]
[WhiteElo "2060"]
[BlackElo "2507"]
[PlyCount "112"]
[EventDate "2018.11.04"]
[EventType "team-swiss"]
[EventRounds "5"]
[EventCountry "SRB"]
[SourceTitle "CBM 187 Extra"]
[Source "ChessBase"]
[SourceDate "2018.11.04"]
[SourceVersion "1"]
[SourceVersionDate "2018.11.04"]
[SourceQuality "1"]
[WhiteTeam "Indija Sloga"]
[BlackTeam "Valjevo"]
[WhiteTeamCountry "SRB"]
[BlackTeamCountry "SRB"]

1. e4 d5 2. exd5 Qxd5 3. Nc3 Qa5 4. d4 c6 5. Bc4 Bf5 6. Nge2 e6 7. Bd2 Qb6 8. Bb3 Nf6 9. h3 Nbd7 10. Bf4 Be7 11. 0-0 0-0 12. a3 a5 13. Qd2 Rfd8 14. Rad1 Qa6 15. Ng3 Bg6 16. Qe2 Qxe2 17. Ngxe2 b5 18. Rc1 Rac8 19. Nd1 Nb6 20. Ne3 Nfd5 21. Nxd5 cxd5 22. Bd2 a4 23. Ba5 Rd6 24. Ba2 Nc4 25. Bxc4 bxc4 26. Bb4 Rd7 27. c3 Bd3 28. Rce1 g6 29. g3 Bxb4 30. cxb4 Rdc7 31. Nc3 Ra8 32. f4 Bxf1 33. Kxf1 h6 34. h4 Kg7 35. g4 Rc6 36. Kg2 f6 37. Kf3 Kf7 38. g5 hxg5 39. hxg5 Rcc8 40. Rh1 Rh8 41. Rxh8 Rxh8 42. Nxa4 Rh3+ 43. Ke2 Rb3 44. Kd2 fxg5 45. fxg5 Ke7 46. Kc2 Rg3 47. b5 Kd6 48. Nc5 e5 49. b6 Rg2+ 50. Kc1 exd4 51. a4 Rg1+ 52. Kc2 d3+ 53. Kd2 Rg2+ 54. Kc1 Rg1+ 55. Kd2 Rb1 56. Kc3 Kxc5 0-1

[Event "Gligoric Cup 5th"]
[Site "Novi Sad"]
[Date "2018.11.06"]
[Round "4.3"]
[White "Paroski, Sinisa"]
[Black "Ivas, Jovo"]
[Result "1-0"]
[WhiteElo "2182"]
[BlackElo "2060"]
[PlyCount "125"]
[EventDate "2018.11.04"]
[EventType "team-swiss"]
[EventRounds "5"]
[EventCountry "SRB"]
[SourceTitle "CBM 187 Extra"]
[Source "ChessBase"]
[SourceDate "2018.11.04"]
[SourceVersion "1"]
[SourceVersionDate "2018.11.04"]
[SourceQuality "1"]
[WhiteTeam "Srbobran"]
[BlackTeam "Indija Sloga"]
[WhiteTeamCountry "SRB"]
[BlackTeamCountry "SRB"]

1. d4 d5 2. Bf4 Nf6 3. e3 e6 4. Nf3 Be7 5. h3 0-0 6. Nbd2 b6 7. Bd3 Bb7 8. 0-0 Nbd7 9. c3 c5 10. Qb1 cxd4 11. exd4 Rc8 12. Re1 h6 13. a4 a5 14. Re3 Kh8 15. Qf1 Re8 16. Bh2 Kg8 17. Ne1 Nf8 18. f4 N6d7 19. Nef3 Bd6 20. Ne5 Qc7 21. Rae1 f6 22. Ng6 Bc6 23. Bc2 Red8 24. Qd3 Nxg6 25. Qxg6 Nf8 26. Qg4 Bd7 27. Qf3 Re8 28. Nf1 Qc6 29. Ng3 b5 30. axb5 Qxb5 31. R3e2 Qb7 32. Nh5 Bb5 33. Rf2 Qf7 34. Ng3 Qc7 35. Nf1 a4 36. f5 Bxh2+ 37. Nxh2 Qc6 38. fxe6 Rxe6 39. Rxe6 Nxe6 40. Qf5 Nf8 41. Ng4 Re8 42. Rf3 Re1+ 43. Kh2 Qd6+ 44. Rg3 Kf7 45. Ne5+ Ke8 46. Qh5+ Ke7 47. Rxg7+ Kd8 48. Qxh6 Nd7 49. Rg3 Nxe5 50. dxe5 Qxe5 51. Qf8+ Kd7 52. Qc5 Bc6 53. Bxa4 Bxa4 54. Qa7+ Kd6 55. Qxa4 Re4 56. Qa7 Kc6 57. Qa6+ Kc7 58. b4 Rc4 59. b5 Kd7 60. Qa7+ Kd8 61. Qa5+ Ke7 62. b6 d4 63. Qxe5+ 1-0

[Event "Gligoric Cup 5th"]
[Site "Novi Sad"]
[Date "2018.11.04"]
[Round "1.6"]
[White "Ivas, Jovo"]
[Black "Pecelj, Nedeljko"]
[Result "1-0"]
[WhiteElo "2060"]
[BlackElo "2137"]
[PlyCount "97"]
[EventDate "2018.11.04"]
[EventType "team-swiss"]
[EventRounds "5"]
[EventCountry "SRB"]
[SourceTitle "CBM 187 Extra"]
[Source "ChessBase"]
[SourceDate "2018.11.04"]
[SourceVersion "1"]
[SourceVersionDate "2018.11.04"]
[SourceQuality "1"]
[WhiteTeam "Indija Sloga"]
[BlackTeam "Gajdobra Hercegovac"]
[WhiteTeamCountry "SRB"]
[BlackTeamCountry "SRB"]

1. e4 e6 2. d4 d5 3. Nd2 dxe4 4. Nxe4 Bd7 5. Nf3 Bc6 6. Bd3 Nd7 7. c3 Ngf6 8. Nxf6+ Nxf6 9. 0-0 Be7 10. Ne5 Qd5 11. Nxc6 Qxc6 12. a4 0-0 13. Re1 Rfd8 14. Qe2 a5 15. Bg5 Nd5 16. Bd2 Qb6 17. Rab1 c6 18. Bc2 g6 19. b3 Rd7 20. Red1 Qd8 21. g3 Rc8 22. Be4 Nf6 23. Bg2 Nd5 24. h4 Bf6 25. Be1 h5 26. f4 c5 27. c4 Ne7 28. dxc5 Rxc5 29. Rxd7 Qxd7 30. Rd1 Qc8 31. Bf2 Nf5 32. Bxc5 Qxc5+ 33. Kh2 b6 34. Rd3 Bd4 35. Qe4 Kh7 36. Kh3 Kg7 37. Qc6 Qa3 38. Qe4 Qa1 39. Qe2 Bf6 40. Rd1 Qc3 41. Rd3 Qb4 42. Qf2 Be7 43. Be4 Bc5 44. Qb2+ Kg8 45. Bxf5 exf5 46. Rd8+ Bf8 47. Qe5 Qa3 48. Qe8 Qc5 49. Rd7 1-0

[Event "Gligoric Cup 4th"]
[Site "Novi Banovci"]
[Date "2017.05.27"]
[Round "3.8"]
[White "Ivas, Jovo"]
[Black "Gavric, Zivojin"]
[Result "0-1"]
[WhiteElo "2088"]
[BlackElo "2085"]
[PlyCount "60"]
[EventDate "2017.05.25"]
[EventType "team-swiss"]
[EventRounds "5"]
[EventCountry "SRB"]
[SourceTitle "CBM 178 Extra"]
[Source "ChessBase"]
[SourceDate "2017.06.22"]
[SourceVersion "1"]
[SourceVersionDate "2017.06.22"]
[SourceQuality "1"]
[WhiteTeam "Indija Sloga"]
[BlackTeam "Nova Pazova Mladost"]
[WhiteTeamCountry "SRB"]
[BlackTeamCountry "SRB"]

1. e4 c6 2. d4 d5 3. exd5 cxd5 4. c4 Nf6 5. Nc3 g6 6. Nf3 Bg7 7. h3 0-0 8. Qb3 Nc6 9. cxd5 Na5 10. Qb4 Nxd5 11. Nxd5 Qxd5 12. Be3 Nc6 13. Qb5 Qd6 14. Be2 Nxd4 15. Bxd4 Bxd4 16. Rd1 e5 17. 0-0 Rd8 18. b3 a6 19. Qc4 Be6 20. Qd3 Bf5 21. Qd2 Rac8 22. Bd3 Bxd3 23. Qxd3 Bxf2+ 24. Rxf2 Qxd3 25. Rxd3 Rxd3 26. Nxe5 Rd1+ 27. Kh2 Rc7 28. g4 Rdc1 29. Kg3 Re1 30. Nc4 b5 0-1

[Event "Gligoric Cup 4th"]
[Site "Novi Banovci"]
[Date "2017.05.25"]
[Round "1.6"]
[White "Kovacevic, Djordje"]
[Black "Ivas, Jovo"]
[Result "0-1"]
[WhiteElo "2113"]
[BlackElo "2088"]
[PlyCount "54"]
[EventDate "2017.05.25"]
[EventType "team-swiss"]
[EventRounds "5"]
[EventCountry "SRB"]
[SourceTitle "CBM 178 Extra"]
[Source "ChessBase"]
[SourceDate "2017.06.22"]
[SourceVersion "1"]
[SourceVersionDate "2017.06.22"]
[SourceQuality "1"]
[WhiteTeam "Stara Pazova"]
[BlackTeam "Indija Sloga"]
[WhiteTeamCountry "SRB"]
[BlackTeamCountry "SRB"]

1. d4 d5 2. Nf3 Nf6 3. g3 c6 4. Bg2 e6 5. 0-0 Nbd7 6. Nbd2 Be7 7. b3 0-0 8. Bb2 c5 9. c3 b6 10. c4 Bb7 11. Ne5 Rb8 12. Rc1 cxd4 13. Nxd7 Qxd7 14. Bxd4 dxc4 15. Bxb7 Qxb7 16. Bxf6 Bxf6 17. Rxc4 b5 18. Rc2 Rfd8 19. e3 g6 20. Qf3 Qxf3 21. Nxf3 b4 22. Rfc1 Bc3 23. Ng5 Rb5 24. Ne4 Ra5 25. Nxc3 bxc3 26. Rxc3 h6 27. R1c2 Kg7 0-1